000 00838nam a2200241Ia 4500
003 OSt
005 20220923213227.0
006 a|||||r|||| 00| 0
007 ta
008 220922b |||||||| |||| 00| 0 hin d
024 _a160,003
037 _cTextual
040 _aARTS
_cARTS
_bhin
041 _2hin
_ahin
082 _aO152,1:g(Q2215), L0
100 _aमीतल, द्वारकाप्रसाद
245 0 _aहिन्दी साहित्य में राघा
246 _aHindī sāhitya mean rāghā
260 _aमथुरा
_b जवाहर पुस्तकालय
_c1970
650 _aहिन्दी साहित्य
_9156264
942 _hO152,1:g(Q2215), L0
_cTEXL
_2CC
999 _c314750
_d314750